LEADER 00840cam0-2200301---450- 001 990005714550403321 005 20150924162230.0 035 $a000571455 035 $aFED01000571455 035 $a(Aleph)000571455FED01 035 $a000571455 100 $a19990604d1937----km-y0itay50------ba 101 0 $afre 102 $aRO 105 $ayf------00--- 200 1 $aÉtudes de linguistique roumaine$fSextil Puscariu 210 $aCluj-Bucaresti$cImpr. Nationala$d1937 215 $aXIX, 508 p, 1 tav.$d24 cm 610 0 $aLingua romena 676 $a459$v22$zita 700 1$aPuscariu,$bSextil$0164748 801 0$aIT$bUNINA$gREICAT$2UNIMARC 901 $aBK 912 $a990005714550403321 952 $a459 PUS 2$bIst.Glott. s.i.$fFLFBC 959 $aFLFBC 996 $aÉtudes de linguistique roumaine$9533535 997 $aUNINA LEADER 01290nam--2200409---450- 001 990001428970203316 005 20050111151256.0 035 $a000142897 035 $aUSA01000142897 035 $a(ALEPH)000142897USA01 035 $a000142897 100 $a20040217d1978----km-y0itay0103----ba 101 0 $aita 102 $aIT 105 $a||||||||001yy 200 1 $a<> provincia dell'uomo$equaderni di appunti$e1942-1972$fElias Canetti$g[trad. di Furio Jesi] 210 $aMilano$cAdelphi$d1978 215 $a371 p.$d22 cm 225 2 $aBiblioteca Adelphi$v80 312 $a<> Provinz des Meuschen 410 0$12001$aBiblioteca Adelphi$v80 454 1$12001$a<> Provinz des Meuschen$916379 461 1$1001-------$12001 676 $a891.81 700 1$aCANETTI,$bElias$0131428 702 1 $aJESI,$bFurio 801 0$aIT$bsalbc$gISBD 912 $a990001428970203316 951 $aVII.2.A. 42(Varie Coll. 87/80)$b81573 L.M.$cVarie Coll. 951 $aVII.2.A. 42a(Varie Coll. 87/80bis)$b82548 L.M.$cVarie Coll. 959 $aBK 969 $aUMA 979 $aSIAV4$b10$c20040217$lUSA01$h1120 979 $aPATRY$b90$c20040406$lUSA01$h1740 979 $aCOPAT2$b90$c20050111$lUSA01$h1512 996 $aProvinz des Meuschen$916379 997 $aUNISA LEADER 00930nam0-22003371i-450 001 990001833070403321 005 20190528082702.0 035 $a000183307 035 $aFED01000183307 035 $a(Aleph)000183307FED01 035 $a000183307 100 $a20030910d1996----km-y0itay50------ba 101 0 $aita 102 $aIT 105 $ay-------001yy 200 1 $aDiscorso sul castagno$fMassimo Becchi$gcon note tecnologiche del prof. Guglielmo Giordano 205 $a2. ed. 210 $aReggio Emilia$cLegnoLegno$d1996 215 $a209 p.$d24 cm 225 1 $a<>alberi$v1 610 0 $aCastanea 676 $a634.53 700 1$aBecchi,$bMassimo$0344100 702 1$aGiordano,$bGuglielmo 801 0$aIT$bUNINA$gRICA$2UNIMARC 901 $aBK 912 $a990001833070403321 952 $a60 634.53 BECM 1996$b7629$fFAGBC 959 $aFAGBC 996 $aDiscorso sul castagno$9412018 997 $aUNINA